000 00979nam2a2200253 4500
001 RU\NLR\ONL2\29753
005 20250613225101.0
035 _a(NLR Aleph) 010216706
090 _a10301548
_c10301548
100 _a20140123d1940 |||y0rusy50 ca
101 1 _asah
_brus
_cfre
102 _aRU
105 _aa |||||||||
200 1 _aАлдьаныыга түбеспиттер
210 _d1940
_aБ. м.
215 _a178 с.,[11] л. ил.
_d21
461 0 _1001RU\NLR\ONL2\29749
_12001#$aКистеленнеех арыы$fЖюль Верн$vЧ. 1
_1700#1$aВерн$bЖ.$f1828-1905$gЖюль$3RU\NLR\auth\773453
_910301530
_aВерн, Ж. (1828-1905)
_cЯкутскай
_d1940
_fЖюль Верн
_nСАССР Госиздата
_tКистеленнеех арыы
_vЧ. 1
801 0 _aRU
_bNLR
_c20140123
_gPSBO
852 _aNLR
_bОНЛ
_jЯкут./3-153
852 _aNLR
_bОНЛ
_jЯкут./3-153
942 _cBOOK
980 _aNB
980 _aONL_RF